Văn hóa người Hoa Nam Bộ

Sơ lược lịch sử hình thành cộng đồng người Hoa ở Nam Bộ. Trình bày hoạt động kinh tế, đời sống xã hội, văn hóa vật thể và phi vật thể của người Hoa ở Nam Bộ Việt Nam

Đã lưu trong:
书目详细资料
主要作者: Lưu, Kim Hoa
其他作者: Phan An
格式: 图书
语言:Undetermined
出版: Tp. Hồ Chí Minh Văn hóa Văn nghệ Tp. Hồ Chí Minh 2016
主题:
在线阅读:http://lrc.tdmu.edu.vn/opac/search/detail.asp?aID=2&ID=29021
标签: 添加标签
没有标签, 成为第一个标记此记录!
Thư viện lưu trữ: Trung tâm Học liệu Trường Đại học Thủ Dầu Một
LEADER 01074nam a2200217Ia 4500
001 TDMU_29021
008 210410s9999 xx 000 0 und d
082 |a 959.7029 
090 |b L566 
100 |a Lưu, Kim Hoa 
245 0 |a Văn hóa người Hoa Nam Bộ 
245 0 |c Lưu Kim Hoa, Phan An, Hà Tăng, Trần Đại Tân;Nguyễn Trung Bộ, Trương Tứ Muối (h.đ) 
260 |a Tp. Hồ Chí Minh 
260 |b Văn hóa Văn nghệ Tp. Hồ Chí Minh 
260 |c 2016 
300 |a 243tr. 
520 |a Sơ lược lịch sử hình thành cộng đồng người Hoa ở Nam Bộ. Trình bày hoạt động kinh tế, đời sống xã hội, văn hóa vật thể và phi vật thể của người Hoa ở Nam Bộ Việt Nam 
650 |a Văn hóa  |x Người Hoa  |z Nam Bộ (Việt Nam) 
700 |a Phan An 
856 |u http://lrc.tdmu.edu.vn/opac/search/detail.asp?aID=2&ID=29021 
980 |a Trung tâm Học liệu Trường Đại học Thủ Dầu Một